Toward Liberal education / (Record no. 7797)
[ view plain ]
| 000 -LEADER | |
|---|---|
| fixed length control field | 02430nas a2200589 4500 |
| 001 - CONTROL NUMBER | |
| JCCL Control Number | 7797 |
| 003 - CONTROL NUMBER IDENTIFIER | |
| JCCL marc code | BD - JhCC |
| 005 - DATE AND TIME OF LATEST TRANSACTION | |
| control field | 20180723195107.0 |
| 008 - FIXED-LENGTH DATA ELEMENTS--GENERAL INFORMATION | |
| fixed length control field | 751101c19599999dcubn1p 0 a0eng u |
| 022 0# - INTERNATIONAL STANDARD SERIAL NUMBER | |
| International Standard Serial Number | 0024-1822 |
| 032 ## - POSTAL REGISTRATION NUMBER | |
| Postal registration number | BD - JhCC |
| Source (agency assigning number) | USPS |
| 035 ## - SYSTEM CONTROL NUMBER | |
| system control number | (BD - JhCC)7797 |
| 035 ## - SYSTEM CONTROL NUMBER | |
| system control number | MITb10291079 |
| 035 ## - SYSTEM CONTROL NUMBER | |
| system control number | (OCoLC)01755825 |
| 035 ## - SYSTEM CONTROL NUMBER | |
| system control number | GLIS00291079 |
| 035 ## - SYSTEM CONTROL NUMBER | |
| system control number | FAX022113 |
| 040 ## - CATALOGING SOURCE | |
| Transcribing agency | MUL |
| Modifying agency | YUS |
| -- | NSD |
| -- | COO |
| -- | NSD |
| -- | m.c. |
| -- | NSD |
| -- | AIP |
| -- | NSD |
| -- | AIP |
| -- | NSD |
| -- | AIP |
| -- | NSD |
| -- | NST |
| -- | MYG |
| -- | BD - JhCC |
| Original cataloging agency | BD-JhCC |
| 041 ## - LANGUAGE CODE | |
| Language code of Book | eng |
| 082 ## - DEWEY DECIMAL CLASSIFICATION NUMBER | |
| Author mark and Year | LOC 1955 |
| Classification number | 808.8 |
| 099 ## - LOCAL FREE-TEXT CALL NUMBER | |
| Classification number | LB.L695 |
| 099 ## - LOCAL FREE-TEXT CALL NUMBER | |
| Classification number | LB |
| -- | .L695 |
| 100 ## - MAIN ENTRY--PERSONAL NAME | |
| Personal name | Locke, Louis G. |
| 245 00 - TITLE STATEMENT | |
| Title | Toward Liberal education / |
| Statement of responsibility, etc | ed. by Louis G. Locke, Willam M. Gibson and George Arms |
| 260 ## - PUBLICATION, DISTRIBUTION, ETC. (IMPRINT) | |
| Place of publication, distribution, etc | Washington [etc.] |
| Name of publisher, distributor, etc | Association of American Colleges. |
| 300 ## - PHYSICAL DESCRIPTION | |
| Pagination | 830 p. : |
| Other physical details | diagrs. |
| Dimensions | 24 cm. |
| 321 ## - FORMER PUBLICATION FREQUENCY | |
| Former publication frequency | Quarterly, |
| -- | Mar. 1959- |
| 500 ## - GENERAL NOTE | |
| General note | "The bulletin of the Association of American Colleges." |
| 504 ## - BIBLIOGRAPHY, ETC. NOTE | |
| Bibliography, etc | Includes index. |
| 510 1# - CITATION/REFERENCES NOTE | |
| Name of source | Education index |
| International Standard Serial Number | 0013-1385 |
| 510 2# - CITATION/REFERENCES NOTE | |
| Name of source | America, history and life |
| International Standard Serial Number | 0002-7065 |
| Coverage of source | 1963- |
| 510 2# - CITATION/REFERENCES NOTE | |
| Name of source | Current index to journals in education |
| International Standard Serial Number | 0011-3565 |
| 510 2# - CITATION/REFERENCES NOTE | |
| Name of source | Historical abstracts. Part A. Modern history abstracts |
| International Standard Serial Number | 0363-2717 |
| Coverage of source | 1963- |
| 510 2# - CITATION/REFERENCES NOTE | |
| Name of source | Historical abstracts. Part B. Twentieth century abstracts |
| International Standard Serial Number | 0363-2725 |
| Coverage of source | 1963- |
| 510 2# - CITATION/REFERENCES NOTE | |
| Name of source | Social welfare, social planning/policy & social development |
| International Standard Serial Number | 0195-7988 |
| 510 2# - CITATION/REFERENCES NOTE | |
| Name of source | Sociological abstracts |
| International Standard Serial Number | 0038-0202 |
| 520 ## - SUMMARY, ETC. | |
| Summary, etc | Includes the Association's proceedings. |
| 650 ## - SUBJECT ADDED ENTRY--TOPICAL TERM | |
| Topical term or geographic name as entry element | Literature |
| 700 ## - ADDED ENTRY--PERSONAL NAME | |
| Personal name | Gibson, Willam M. |
| 700 ## - ADDED ENTRY--PERSONAL NAME | |
| Personal name | Arms, George |
| 936 ## - OCLC/CONSER MISCELLANEOUS DATA (OCLC); PIECE USED FOR CATALOGING (pre-AACR2) (RLIN) | |
| OCLC control number(s) of parallel record(s) (OCLC); Piece used for cataloging, PUC (RLIN) | Unknown |
| -- | Mar./Apr. 1987 |
| 942 ## - ADDED ENTRY ELEMENTS (KOHA) | |
| Source of classification or shelving scheme | Dewey Decimal Classification |
| Koha item type | Books |
| 949 99 - LOCAL PROCESSING INFORMATION (OCLC) | |
| a | MYPH |
| j | v.45, 1959- |
| 956 41 - LOCAL ELECTRONIC LOCATION AND ACCESS (OCLC) | |
| Uniform Resource Identifier | http://owens.mit.edu/sfx%5Flocal?rft.object%5Fid=963017932433&url%5Fver=Z39.88-2004&ctx%5Fver=Z39.88-2004&ctx%5Fenc=info:ofi/enc:UTF-8&rfr%5Fid=info:sid/sfxit.com:opac%5F856&url%5Fctx%5Ffmt=info:ofi/fmt:kev:mtx:ctx&sfx.ignore%5Fdate%5Fthreshold=1&svc%5Fval%5Ffmt=info:ofi/fmt:kev:mtx:sch%5Fsvc& |
| Source of classification or shelving scheme | Damaged status | Not for loan | Home library | Current library | Shelving location | Total Checkouts | Full call number | Barcode | Date last seen | Copy number | Koha item type |
|---|---|---|---|---|---|---|---|---|---|---|---|
| Dewey Decimal Classification | JCC Rouf Library | JCC Rouf Library | General Stacks | 808.8 TOW 1955 | 1012 | 02/14/2018 | C - 1 | Books |